[Event "EU-ch U20"]
[Site "Aviles"]
[Date "2000.08.25"]
[Round "9"]
[White "Radjabov, Teimour"]
[Black "Stryjecki, Marek"]
[Result "1-0"]
[WhiteElo "2476"]
[BlackElo "2405"]
[PlyCount "67"]
[EventDate "2000.08.18"]
[EventType "swiss"]
[EventRounds "11"]
[EventCountry "ESP"]
[Source "Fruth,M"]
[SourceDate "2003.05.15"]

1. d4 g6 2. c4 Bg7 3. e4 d6 4. Nc3 e5 5. Nf3 Nc6 6. d5 Nce7 7. Be2 f5 8. exf5
gxf5 9. Ng5 Ng6 10. h4 h6 11. Ne6 Bxe6 12. dxe6 c6 13. Bh5 N8e7 14. g4 O-O 15.
gxf5 Rxf5 16. Bxg6 Nxg6 17. Qg4 Rf6 18. Ne4 Nf8 19. Nxf6+ Qxf6 20. e7 Ne6 21.
Be3 Re8 22. Rd1 Nd4 23. Bxd4 exd4 24. O-O Qxe7 25. Rxd4 Kh8 26. Rd3 Be5 27. Kh1
Rg8 28. Qh3 Bxb2 29. Re3 Qh7 30. Rg1 Rf8 31. Qe6 Bg7 32. Reg3 Be5 33. Rg6 Bf4
34. Rf6 1-0

[Event "EU-ch U20"]
[Site "Aviles"]
[Date "2000.08.26"]
[Round "10"]
[White "Sedlak, Nikola"]
[Black "Radjabov, Teimour"]
[Result "0-1"]
[WhiteElo "2423"]
[BlackElo "2476"]
[PlyCount "108"]
[EventDate "2000.08.18"]
[EventType "swiss"]
[EventRounds "11"]
[EventCountry "ESP"]
[Source "Fruth,M"]
[SourceDate "2003.05.15"]

1. e4 e6 2. d4 d5 3. Nc3 Nf6 4. e5 Nfd7 5. f4 c5 6. Nf3 a6 7. Be3 Qb6 8. Na4
Qa5+ 9. c3 cxd4 10. b4 Qc7 11. Bxd4 Nc6 12. Be3 b5 13. Nb2 Ncxe5 14. fxe5 Qxc3+
15. Qd2 Bxb4 16. Kf2 Qxd2+ 17. Nxd2 Nxe5 18. Rb1 Ng4+ 19. Ke2 Nxe3 20. Kxe3 e5
21. Nb3 O-O 22. Be2 Bf5 23. Bd3 d4+ 24. Kf3 Be6 25. g4 Rac8 26. Rhc1 Rc3 27.
Rxc3 dxc3 28. Nd1 f5 29. Ke2 Rd8 30. Bc2 Kf8 31. gxf5 Bxb3 32. Bxb3 Rd2+ 33.
Kf3 a5 34. Ne3 Bc5 35. a4 Bxe3 36. Kxe3 b4 37. Ke4 Re2+ 38. Kd5 e4 39. Bc4 Rb2
40. Rc1 e3 41. Kd4 e2 42. Ke3 b3 43. Bxb3 Rxb3 44. Kxe2 Rb2+ 45. Kd3 Rxh2 46.
Kxc3 Rf2 47. Rh1 h6 48. Rh5 Rf4 49. f6 g5 50. Rxh6 Kf7 51. Kd3 Rxa4 52. Ke3 Rf4
53. Rh8 Kxf6 54. Rf8+ Kg6 0-1

[Event "Torshavn International op 3"]
[Site "Torshavn"]
[Date "2000.10.12"]
[Round "7"]
[White "Radjabov, Teimour"]
[Black "Salmensuu, Olli"]
[Result "1-0"]
[WhiteElo "2476"]
[BlackElo "2458"]
[PlyCount "37"]
[EventDate "2000.10.??"]
[EventType "swiss"]
[EventRounds "9"]
[EventCountry "FAI"]
[Source "Fruth,M"]
[SourceDate "2003.05.15"]

1. d4 Nf6 2. c4 c5 3. d5 b5 4. Nf3 Bb7 5. Nbd2 bxc4 6. e4 Qa5 7. Bxc4 d6 8. O-O
Nbd7 9. Qe2 Qc7 10. b4 g6 11. bxc5 Qxc5 12. Rb1 Rb8 13. e5 dxe5 14. Nxe5 Bg7
15. Nxd7 Kxd7 16. Bb5+ Kd8 17. Bc6 Kc7 18. Nb3 Qd6 19. Bf4 1-0

[Event "Budapest FS12 GM IT"]
[Site "Budapest"]
[Date "2000.12.06"]
[Round "4"]
[White "Radjabov, Teimour"]
[Black "Czebe, Attila"]
[Result "1-0"]
[WhiteElo "2476"]
[BlackElo "2520"]
[PlyCount "133"]
[EventDate "2000.12.??"]
[EventType "tourn"]
[EventRounds "11"]
[EventCountry "HUN"]
[EventCategory "8"]
[Source "Fruth,M"]
[SourceDate "2003.05.15"]

1. d4 e6 2. c4 b6 3. a3 g6 4. Nc3 Bg7 5. e4 Ne7 6. Nf3 d6 7. Bd3 Nd7 8. Be3 Bb7
9. Qd2 h6 10. O-O f5 11. Rae1 Nf6 12. exf5 Bxf3 13. gxf3 Nxf5 14. Kh1 O-O 15.
Bxf5 exf5 16. Bxh6 Qd7 17. Rg1 Qf7 18. Qg5 Rae8 19. Rxe8 Rxe8 20. Qxg6 Qxg6 21.
Rxg6 Re1+ 22. Kg2 Nh5 23. Bd2 Re8 24. Rg5 Nf6 25. Rxf5 c6 26. Bf4 Kf7 27. Bxd6
Kg6 28. Rf4 Bh6 29. Rh4 Bg5 30. Rh3 Bc1 31. Rg3+ Kf7 32. b4 Bxa3 33. Ne4 a5 34.
bxa5 Nxe4 35. fxe4 Bxd6 36. Rf3+ Ke6 37. axb6 Rg8+ 38. Kf1 c5 39. e5 Be7 40.
Rb3 cxd4 41. b7 Rb8 42. Rb5 Bg5 43. h4 Bf4 44. Ke2 Bxe5 45. h5 Bc7 46. Kd3 Kd6
47. h6 Rh8 48. Kxd4 Kc6 49. h7 Bb8 50. Rh5 Kxb7 51. Kd5 Kc7 52. Ke6 Ba7 53. f4
Bd4 54. f5 Rd8 55. c5 Bh8 56. f6 Rd1 57. Rg5 Re1+ 58. Kf7 Rf1 59. Rg7 Bxg7 60.
Kxg7 Rg1+ 61. Kh6 Rh1+ 62. Kg6 Kd7 63. c6+ Ke6 64. c7 Rg1+ 65. Kh6 Rh1+ 66. Kg7
Rg1+ 67. Kf8 {Here Black resigned.    The last possibility Rc1 I was
calculating over the board and there I found forcing variation to win,
ofcourse just Queen against rook but there is more better really beautiful
forcing variation!    67...Rc1 68.h8Q-Rxc7 69.Qh3+-Kxf6 70.Qh6+!-Kf5 71.Qd6!!
And position is winning rook have no place to go only move is 71...Rc8+ 72.Kf7
+-!} 1-0

[Event "Corus IT B"]
[Site "Wijk aan Zee"]
[Date "2001.01.17"]
[Round "2"]
[White "Gulko, Boris F"]
[Black "Radjabov, Teimour"]
[Result "1-0"]
[WhiteElo "2622"]
[BlackElo "2483"]
[PlyCount "117"]
[EventDate "2001.01.13"]
[EventType "tourn"]
[EventRounds "11"]
[EventCountry "NED"]
[EventCategory "10"]
[Source "Fruth,M"]
[SourceDate "2003.05.15"]

1. c4 g6 2. d4 Nf6 3. Nc3 Bg7 4. Bg5 O-O 5. Qd2 c5 6. d5 d6 7. e4 e6 8. Be2
exd5 9. exd5 Re8 10. Nf3 Bg4 11. O-O Nbd7 12. h3 Bxf3 13. Bxf3 a6 14. a4 Ne5
15. Be2 Qa5 16. Qc2 h6 17. Bd2 Qc7 18. f4 Ned7 19. Rae1 Re7 20. Bd1 Rxe1 21.
Rxe1 Re8 22. Rxe8+ Nxe8 23. g4 Qd8 24. Qe4 Nef6 25. Qe2 Qe8 26. Qxe8+ Nxe8 27.
a5 Kf8 28. Kg2 Ke7 29. Kg3 Bd4 30. Bc2 Ng7 31. b3 f5 32. Ne2 Bf6 33. Kf3 fxg4+
34. hxg4 g5 35. Kg3 gxf4+ 36. Nxf4 Bg5 37. Be1 Ne5 38. Ng6+ Nxg6 39. Bxg6 Kf6
40. Bh7 Ke7 41. Bg6 Ne8 42. b4 cxb4 43. Bxb4 Nf6 44. Bf5 Nd7 45. Bxd7 Kxd7 46.
Kf3 Bd8 47. Ke4 b6 48. axb6 Bxb6 49. Bd2 a5 50. Bxh6 a4 51. Kd3 Ke7 52. Bg5+
Kf7 53. Kc3 Bc5 54. Kb2 Kg6 55. Bf4 Kf6 56. Ka2 Bb4 57. Bc1 Ke5 58. g5 Ba5 59.
Ka3 1-0

[Event "Corus IT B"]
[Site "Wijk aan Zee"]
[Date "2001.01.22"]
[Round "6"]
[White "De Vreugt, Dennis"]
[Black "Radjabov, Teimour"]
[Result "0-1"]
[WhiteElo "2452"]
[BlackElo "2483"]
[PlyCount "52"]
[EventDate "2001.01.13"]
[EventType "tourn"]
[EventRounds "11"]
[EventCountry "NED"]
[EventCategory "10"]
[Source "Fruth,M"]
[SourceDate "2003.05.15"]

1. e4 e6 2. d4 d5 3. Nc3 Nf6 4. Bg5 dxe4 5. Nxe4 Be7 6. Bxf6 gxf6 7. c4 f5 8.
Nc3 Bf6 9. Nge2 Nc6 10. d5 Ne5 11. f4 Ng6 12. g3 O-O 13. Qd2 c6 14. d6 b5 15.
c5 b4 16. Nd1 e5 17. Qxb4 exf4 18. gxf4 Re8 19. Ndc3 Ba6 20. Kd2 Rb8 21. Qa3
Bxe2 22. Bxe2 Bd4 23. Bc4 Qh4 24. Raf1 Qh3 25. Kc2 Qg2+ 26. Kb1 Bxc5 0-1

[Event "Corus IT B"]
[Site "Wijk aan Zee"]
[Date "2001.01.25"]
[Round "8"]
[White "Radjabov, Teimour"]
[Black "Nijboer, Friso"]
[Result "1-0"]
[WhiteElo "2483"]
[BlackElo "2578"]
[PlyCount "137"]
[EventDate "2001.01.13"]
[EventType "tourn"]
[EventRounds "11"]
[EventCountry "NED"]
[EventCategory "10"]
[Source "Fruth,M"]
[SourceDate "2003.05.15"]

1. d4 Nf6 2. c4 g6 3. Nc3 Bg7 4. e4 d6 5. Be2 O-O 6. Nf3 e5 7. O-O Nc6 8. d5
Ne7 9. b4 Nh5 10. Re1 f5 11. Ng5 Nf6 12. f3 c6 13. Be3 Bh6 14. h4 cxd5 15. cxd5
f4 16. Bf2 Bxg5 17. hxg5 Nh5 18. Rc1 Ng3 19. Qd2 Bd7 20. Bb5 Bc8 21. Ne2 Bd7
22. Nc3 Bc8 23. Rc2 a6 24. Bd3 Bd7 25. Ne2 Nxe2+ 26. Bxe2 Ba4 27. Rc3 Qd7 28.
Rec1 Rac8 29. Bf1 Rxc3 30. Rxc3 Rc8 31. g3 fxg3 32. Bxg3 Bb5 33. Bg2 Rxc3 34.
Qxc3 Nc8 35. Kh2 Qd8 36. f4 exf4 37. Bxf4 Bd7 38. Bc1 Kf7 39. Qg3 Qh8 40. Qf2+
Ke8 41. Bb2 Qf8 42. Bf6 h6 43. e5 Bf5 44. Bh3 Bxh3 45. Kxh3 hxg5 46. Qc2 Kf7
47. Kg4 Ne7 48. e6+ Kg8 49. Kxg5 Qc8 50. Qxc8+ Nxc8 51. Kxg6 Kf8 52. Bd8 Ke8
53. e7 Na7 54. a4 Nc8 55. Kf6 b6 56. Ke6 b5 57. a5 Nxe7 58. Bb6 Ng6 59. Kxd6
Nf4 60. Bc5 Kd8 61. Kc6 Nd3 62. Bd6 Kc8 63. Kb6 Kd7 64. Bf8 Nf4 65. Kxa6 Kc7
66. d6+ Kc6 67. Ka7 Ne6 68. Be7 Nd4 69. a6 1-0

[Event "Sigeman & Co IT"]
[Site "Malmo"]
[Date "2001.06.16"]
[Round "5"]
[White "Radjabov, Teimour"]
[Black "Hector, Jonny"]
[Result "1-0"]
[WhiteElo "2533"]
[BlackElo "2546"]
[PlyCount "133"]
[EventDate "2001.06.12"]
[EventType "tourn"]
[EventRounds "9"]
[EventCountry "SWE"]
[EventCategory "13"]
[Source "Fruth,M"]
[SourceDate "2003.05.15"]

1. d4 d5 2. c4 c6 3. Nc3 Nf6 4. e3 e6 5. Nf3 Nbd7 6. Qc2 Bd6 7. Bd3 e5 8. cxd5
cxd5 9. Nb5 Bb8 10. dxe5 Nxe5 11. Nxe5 Bxe5 12. Bd2 O-O 13. Bc3 Bxc3+ 14. Qxc3
Ne4 15. Qd4 Qg5 16. Nc7 Qxg2 17. Bxe4 dxe4 18. O-O-O Bg4 19. Rhg1 Qxh2 20. Nxa8
h5 21. Rh1 Rc8+ 22. Kb1 Qxf2 23. Nc7 Bxd1 24. Rxd1 Qe2 25. Rg1 g6 26. a4 Kh7
27. Nb5 Qc2+ 28. Ka2 Rc4 29. Qd5 Rxa4+ 30. Na3 Qf2 31. Rc1 Kg7 32. Rc8 Qf6 33.
Qxb7 a5 34. Qc7 Rb4 35. Nc4 Qe6 36. Qd8 Kh6 37. Qh8+ Kg5 38. Rc5+ f5 39. Qd8+
Kh6 40. Qc7 h4 41. Kb1 Qg8 42. Qf4+ Kh5 43. Ne5 a4 44. Nxg6 Rxb2+ 45. Kc1 Rb1+
46. Kxb1 Qb3+ 47. Kc1 Qa3+ 48. Kd1 Qxc5 49. Nxh4 Qd5+ 50. Ke1 Qa5+ 51. Kf1 Qb5+
52. Kg1 Qe2 53. Ng2 Qd1+ 54. Kh2 Qd7 55. Qh4+ Kg6 56. Nf4+ Kf7 57. Qh7+ Ke8 58.
Qg8+ Ke7 59. Kg3 Kd6 60. Qd5+ Ke7 61. Ng6+ Kd8 62. Qa8+ Kc7 63. Kf4 Qb5 64. Ne7
Qc5 65. Nxf5 a3 66. Nd4 Qc1 67. Qxa3 1-0

[Event "Sigeman & Co IT"]
[Site "Malmo"]
[Date "2001.06.20"]
[Round "9"]
[White "Radjabov, Teimour"]
[Black "De Firmian, Nick E"]
[Result "1-0"]
[WhiteElo "2533"]
[BlackElo "2545"]
[PlyCount "102"]
[EventDate "2001.06.12"]
[EventType "tourn"]
[EventRounds "9"]
[EventCountry "SWE"]
[EventCategory "13"]
[Source "Fruth,M"]
[SourceDate "2003.05.15"]

1. d4 Nf6 2. c4 e6 3. Nc3 Bb4 4. e3 b6 5. Nf3 Bb7 6. Bd3 O-O 7. O-O Bxc3 8.
bxc3 Be4 9. Be2 d6 10. Nd2 Bb7 11. f3 c5 12. e4 Nbd7 13. Bd3 e5 14. Nb3 Re8 15.
d5 Nf8 16. Be3 Bc8 17. Nc1 Bd7 18. Ne2 Ng6 19. a4 Rb8 20. Qd2 Kh8 21. Kh1 a5
22. Bc2 Ng8 23. g4 Rb7 24. Ng3 Bc8 25. Nf5 N6e7 26. Rg1 f6 27. Raf1 g5 28. h4
Nxf5 29. exf5 h6 30. Kg2 Kg7 31. Rh1 Kf8 32. hxg5 hxg5 33. Be4 Rg7 34. Rh8 Bd7
35. Qc2 Kf7 36. Rfh1 Ne7 37. R8h6 Nc8 38. Kg1 Reg8 39. Qh2 Bxa4 40. Rg6 Qf8 41.
Bxg5 Rxg6 42. fxg6+ Ke8 43. Bh6 Qe7 44. Qa2 Bd7 45. Be3 f5 46. gxf5 Qf6 47. Rh5
Ne7 48. Bg5 Qf8 49. Qb1 Bxf5 50. Qb5+ Bd7 51. Qxb6 a4 {Very tricky move!   But
no more.    But in 2 seconds after making his move 51...a4 De Firmian resigned.
The End is very simple White just takes all pawns d6-c5-e5-and a pawn if it
will be pushed to a3 or a2.} 1-0

[Event "Najdorf mem IT"]
[Site "Buenos Aires"]
[Date "2001.09.06"]
[Round "3"]
[White "Milos, Gilberto"]
[Black "Radjabov, Teimour"]
[Result "0-1"]
[WhiteElo "2614"]
[BlackElo "2558"]
[PlyCount "76"]
[EventDate "2001.09.04"]
[EventType "tourn"]
[EventRounds "9"]
[EventCountry "ARG"]
[EventCategory "14"]
[Source "Fruth,M"]
[SourceDate "2003.05.15"]

1. e4 c5 2. Nf3 Nc6 3. d4 cxd4 4. Nxd4 e5 5. Nb5 d6 6. c4 Be7 7. Be2 Be6 8. O-O
Nf6 9. N1c3 a6 10. Na3 Nd4 11. Be3 Nxe2+ 12. Qxe2 O-O 13. f3 Rc8 14. Rfc1 Nd7
15. Rd1 Rc6 16. Nd5 Bg5 17. Bf2 Qb8 18. b4 Bxd5 19. Rxd5 Rfc8 20. Rad1 Be7 21.
R5d3 Nf8 22. Qb2 Ne6 23. b5 axb5 24. cxb5 R6c7 25. Bb6 Rd7 26. Qb3 Nf4 27. R3d2
d5 28. Be3 Rdc7 29. Nb1 dxe4 30. fxe4 Bc5 31. b6 Bxe3+ 32. Qxe3 Rc6 33. Rd7 Rc2
34. R1d2 Rc1+ 35. Rd1 Rxd1+ 36. Rxd1 Rc2 37. Nd2 Qd6 38. g3 Rc3 0-1

[Event "EU-ch TT"]
[Site "Leon"]
[Date "2001.11.08"]
[Round "3.1"]
[White "Radjabov, Teimour"]
[Black "Delchev, Aleksander"]
[Result "1-0"]
[WhiteElo "2567"]
[BlackElo "2634"]
[PlyCount "101"]
[EventDate "2001.11.06"]
[EventType "team"]
[EventRounds "9"]
[EventCountry "GRE"]
[Source "Fruth,M"]
[SourceDate "2003.05.15"]

1. d4 d5 2. c4 c6 3. Nc3 Nf6 4. e3 a6 5. Nf3 b5 6. b3 Bg4 7. Be2 e6 8. O-O Nbd7
9. Bb2 Qb8 10. cxd5 cxd5 11. h3 Bh5 12. Ne5 Bxe2 13. Qxe2 Bd6 14. Nxd7 Nxd7 15.
e4 O-O 16. Rac1 b4 17. Na4 Qb5 18. Rfe1 dxe4 19. Qxe4 Nf6 20. Qe2 Rfc8 21. Rc4
Rxc4 22. Qxc4 Nd5 23. Bc1 Ne7 24. Be3 Rc8 25. Qxb5 axb5 26. Nc5 Bxc5 27. dxc5
Nd5 28. Bd4 Rc6 29. g3 f6 30. f4 h5 31. Rf1 Kf7 32. Kg2 Ra6 33. Rf2 h4 34. g4
Nc3 35. Bxc3 bxc3 36. Kf3 Ra8 37. Ke3 Rd8 38. b4 Rd1 39. Rc2 Rh1 40. Kd4 Rxh3
41. c6 Ke7 42. Kc5 Kd8 43. Kxb5 Kc7 44. Ka6 Kxc6 45. b5+ Kc7 46. Ka7 Rd3 47.
b6+ Kd7 48. b7 Rd2 49. b8=Q Rxc2 50. Qb7+ Ke8 51. Qb3 1-0

[Event "FIDE Grandprix KO+"]
[Site "Dubai"]
[Date "2002.04.07"]
[Round "4.4"]
[White "Radjabov, Teimour"]
[Black "Anand, Viswanathan"]
[Result "0-1"]
[WhiteElo "2599"]
[BlackElo "2757"]
[PlyCount "68"]
[EventDate "2002.04.03"]
[EventType "k.o. (rapid)"]
[EventRounds "5"]
[EventCountry "UAE"]
[Source "Fruth,M"]
[SourceDate "2003.05.15"]

1. d4 Nf6 2. c4 e6 3. Nf3 b6 4. a3 Bb7 5. Nc3 d5 6. cxd5 Nxd5 7. Qc2 Nxc3 8.
bxc3 Nd7 9. e4 Be7 10. Bd3 c5 11. O-O O-O 12. Bb2 Rc8 13. Qe2 c4 14. Bxc4 Bxe4
15. Ba6 Bxf3 16. Qxf3 Rc7 17. Rad1 Bd6 18. Bd3 b5 19. Rfe1 a6 20. a4 bxa4 21.
c4 Qb8 22. Ba1 Rd8 23. Re4 Nf6 24. Rh4 Be7 25. Rh3 h6 26. Rb1 Rxc4 27. Rxb8
Rc1+ 28. Bf1 Rxb8 29. Bc3 Rbb1 30. Qd3 a3 31. Qxa6 a2 32. g4 Rxf1+ 33. Qxf1 Ne4
34. Ba1 Nd2 {winning the queen and the game.} 0-1

[Event "Bosna Super GM IT"]
[Site "Sarajevo"]
[Date "2002.05.26"]
[Round "5"]
[White "Radjabov, Teimour"]
[Black "Shirov, Alexei"]
[Result "1/2-1/2"]
[WhiteElo "2610"]
[BlackElo "2704"]
[PlyCount "61"]
[EventDate "2002.05.22"]
[EventType "tourn"]
[EventRounds "9"]
[EventCountry "BIH"]
[EventCategory "16"]
[Source "Fruth,M"]
[SourceDate "2003.05.15"]

1. d4 Nf6 2. c4 g6 3. Nc3 d5 4. Nf3 Bg7 5. Qb3 dxc4 6. Qxc4 O-O 7. e4 a6 8. e5
b5 9. Qb3 Nfd7 10. h4 c5 11. e6 c4 12. Qd1 Nb6 13. exf7+ Rxf7 14. Be3 Nc6 15.
h5 Bg4 16. hxg6 hxg6 17. Be2 Nb4 18. Ng5 Nd3+ 19. Kf1 Bxe2+ 20. Qxe2 Rf5 21.
Qg4 Nd5 22. Kg1 Nxe3 23. fxe3 Nf2 24. Qh4 Qd6 25. g4 Rxg5 26. Kxf2 Bxd4 27.
Qh7+ Kf8 28. Qh6+ Kg8 29. Qh7+ Kf8 30. Qh6+ Kg8 31. Qh7+ 1/2-1/2

[Event "Bosna Super GM IT"]
[Site "Sarajevo"]
[Date "2002.05.30"]
[Round "9"]
[White "Radjabov, Teimour"]
[Black "Dizdarevic, Emir"]
[Result "1-0"]
[WhiteElo "2610"]
[BlackElo "2526"]
[PlyCount "53"]
[EventDate "2002.05.22"]
[EventType "tourn"]
[EventRounds "9"]
[EventCountry "BIH"]
[EventCategory "16"]
[Source "Fruth,M"]
[SourceDate "2003.05.15"]

1. d4 d6 2. c4 e5 3. d5 f5 4. e4 Nf6 5. exf5 Bxf5 6. Nc3 Na6 7. Nge2 Ne4 8.
Nxe4 Bxe4 9. Ng3 Bg6 10. Bd3 Bxd3 11. Qxd3 Nc5 12. Qc2 Be7 13. Be3 Nd7 14. Qf5
Nf6 15. O-O Qd7 16. f4 exf4 17. Bxf4 g6 18. Qd3 O-O 19. Rae1 Ne8 20. Bh6 Rxf1+
21. Rxf1 Ng7 22. Qd4 Bd8 23. Qf4 Qe8 24. c5 dxc5 25. d6 cxd6 26. Qc4+ Kh8 27.
Qc3 1-0

[Event "FIDE Grandprix KO"]
[Site "Moscow"]
[Date "2002.06.04"]
[Round "4.1"]
[White "Beliavsky, Alexander G"]
[Black "Radjabov, Teimour"]
[Result "1/2-1/2"]
[WhiteElo "2661"]
[BlackElo "2610"]
[PlyCount "173"]
[EventDate "2002.06.01"]
[EventType "k.o."]
[EventRounds "5"]
[EventCountry "RUS"]
[Source "Fruth,M"]
[SourceDate "2003.05.15"]

1. d4 Nf6 2. c4 g6 3. Nc3 Bg7 4. e4 d6 5. Nf3 O-O 6. Be2 e5 7. O-O Nc6 8. d5
Ne7 9. Nd2 a5 10. a3 Nd7 11. Rb1 f5 12. b4 Kh8 13. f3 f4 14. Na4 axb4 15. axb4
g5 16. c5 Nf6 17. Nc4 g4 18. cxd6 cxd6 19. Nab6 Rb8 20. Nxc8 Nxc8 21. Bd2 Nb6
22. Na5 g3 23. h3 Qd7 24. Qb3 Rfc8 25. Rfc1 Ne8 26. Qd1 Bf6 27. Qf1 Bd8 28. Bb5
Qe7 29. Kh1 Kg8 30. Rxc8 Nxc8 31. Rc1 Kf8 32. Ba4 Nb6 33. Qb5 Nf6 34. Bd1 Qd7
35. Be2 Qxb5 36. Bxb5 Ne8 37. Kg1 Nc7 38. Bd3 Kf7 39. Kf1 Kf8 40. Ke2 Kf7 41.
Ra1 Ke7 42. Nb3 Nc8 43. Bc3 Ra8 44. Na5 Rb8 45. Kd2 Kf6 46. Kc2 Ke7 47. Kb3 Kf6
48. Ra2 Ke7 49. Bf1 Kf6 50. Nc4 Ne8 51. Bb2 Nb6 52. Na5 Nc7 53. Ra1 Ke7 54. Rd1
Nc8 55. Nc4 Kf6 56. Rc1 Ne8 57. Na5 Nc7 58. Bd3 Ke7 59. Kc2 Kf6 60. Be2 Ke7 61.
Kd3 Kf6 62. Ra1 Ke7 63. Nc4 Kf6 64. Bd1 Na6 65. Bc3 Nc7 66. Bb3 Be7 67. Kc2 Bd8
68. Na5 Nb6 69. Bb2 Ke7 70. Kd2 Nc8 71. Ba4 Na7 72. Rc1 Na6 73. Bc3 Nc7 74. Kd3
Na6 75. Ke2 Nc7 76. Bd2 Na6 77. Ra1 Nc7 78. Nc4 Ncb5 79. Kd3 Nd4 80. Na5 Ndb5
81. Rc1 Nc7 82. Ra1 Na6 83. Nc4 Nc7 84. Be8 Kxe8 85. Rxa7 Nb5 86. Ra1 Kd7 87.
Ra2 1/2-1/2

[Event "EU-ch Clubs fin"]
[Site "Halkidiki"]
[Date "2002.09.22"]
[Round "1"]
[White "Radjabov, Teimour"]
[Black "Tzermiadianos, Andreas"]
[Result "1-0"]
[WhiteElo "2610"]
[BlackElo "2440"]
[PlyCount "45"]
[EventDate "2002.09.22"]
[EventType "team"]
[EventRounds "7"]
[EventCountry "GRE"]
[Source "Fruth,M"]
[SourceDate "2003.05.15"]

1. d4 d5 2. c4 Nc6 3. Nc3 Nf6 4. Nf3 dxc4 5. e3 e6 6. Bxc4 Bd6 7. e4 Nd7 8. O-O
Nb6 9. Bb3 O-O 10. e5 Be7 11. a3 Bd7 12. Qd3 Na5 13. Bc2 g6 14. b4 Nc6 15. Rb1
a6 16. Ne4 Nd5 17. Nfg5 f5 18. exf6 Bxf6 19. Nxh7 Nce7 20. Nexf6+ Nxf6 21. Nxf8
Qxf8 22. Qg3 Qg7 23. Bg5 1-0

[Event "FIDE World Cup B"]
[Site "Hyderabad"]
[Date "2002.10.14"]
[Round "5"]
[White "Yermolinsky, Alex"]
[Black "Radjabov, Teimour"]
[Result "0-1"]
[WhiteElo "2575"]
[BlackElo "2628"]
[PlyCount "96"]
[EventDate "2002.10.05"]
[EventType "tourn"]
[EventRounds "5"]
[EventCountry "IND"]
[EventCategory "14"]
[Source "Fruth,M"]
[SourceDate "2003.05.15"]

1. d4 Nf6 2. c4 g6 3. Nc3 Bg7 4. e4 d6 5. h3 O-O 6. Bg5 Na6 7. Bd3 e5 8. d5 Qe8
9. g4 Nc5 10. Bc2 a5 11. Qd2 Bd7 12. Nge2 b5 13. cxb5 Bxb5 14. Ng3 Ba6 15.
O-O-O Nfd7 16. Bh6 f6 17. Bxg7 Kxg7 18. h4 Nb6 19. g5 fxg5 20. Qxg5 Qd8 21. Rh2
Qxg5+ 22. hxg5 Rf3 23. Rdh1 h5 24. gxh6+ Kh7 25. Rg1 Raf8 26. Nd1 Bb5 27. Nf1
R3f4 28. Nd2 Nc4 29. Nb1 Nb6 30. Nd2 Be2 31. Rgg2 Nc4 32. Nc3 Bd3 33. Nxc4 Bxc4
34. Kd2 Bf1 35. Rg1 Rxf2+ 36. Rxf2 Rxf2+ 37. Ke3 Rxc2 38. Rxf1 Kxh6 39. Rf2
Rxf2 40. Kxf2 Kh5 41. Ke3 g5 42. a3 a4 43. Nb5 g4 44. Nxc7 g3 45. Kf3 Nxe4 46.
Na8 Kh4 47. Kg2 Nf6 48. Nb6 Kg4 0-1

[Event "Pamplona 0102"]
[Site "Pamplona"]
[Date "2001.12.27"]
[Round "1"]
[White "Almasi, Zoltan"]
[Black "Radjabov, Teimour"]
[Result "1/2-1/2"]
[WhiteElo "2644"]
[BlackElo "2567"]
[PlyCount "66"]
[EventDate "2001.12.27"]
[EventType "tourn"]
[EventRounds "9"]
[EventCountry "ESP"]
[EventCategory "14"]
[Source "ChessBase"]
[SourceDate "2002.03.21"]

1. e4 e6 2. d4 d5 3. Nd2 Be7 4. Bd3 c5 5. dxc5 Nf6 6. Qe2 O-O 7. Ngf3 a5 8. c3
Nfd7 9. exd5 Nxc5 10. Bb5 exd5 11. O-O Nc6 12. Nd4 Bd7 13. N2f3 Bf6 14. Be3 Re8
15. Rfd1 Ne4 16. a4 Qc7 17. h3 Rad8 18. Rac1 Nd6 19. Qd2 Nxd4 20. Bxd4 Ne4 21.
Qd3 Bc6 22. Bxf6 Nxf6 23. Nd4 Ne4 24. Re1 Nc5 25. Qc2 Ne6 26. Qd2 Bxb5 27. Nxb5
Qc4 28. Qc2 g6 29. Re3 Kf8 30. b3 Qf4 31. Rce1 Ng5 32. Qd1 Rxe3 33. Rxe3 Re8
1/2-1/2

[Event "Keres mem rap"]
[Site "Tallinn"]
[Date "2004.01.04"]
[Round "4"]
[White "Radjabov, Teimour"]
[Black "Brodsky, Michail"]
[Result "1-0"]
[WhiteElo "2656"]
[BlackElo "2528"]
[PlyCount "85"]
[EventDate "2004.01.03"]
[EventType "tourn (rapid)"]
[EventRounds "7"]
[EventCountry "EST"]
[EventCategory "15"]
[Source "ChessBase"]
[SourceDate "2004.06.01"]

1. d4 Nf6 2. c4 e6 3. Nf3 b6 4. a3 c5 5. d5 Ba6 6. Qc2 exd5 7. cxd5 g6 8. Nc3
Bg7 9. g3 O-O 10. Bg2 d6 11. O-O Re8 12. Rd1 Nbd7 13. Bf4 Qc7 14. Qa4 Bxe2 15.
Re1 Bxf3 16. Nb5 Qd8 17. Bxf3 Ne5 18. Bxe5 Rxe5 19. Rxe5 dxe5 20. d6 Rb8 21.
Bc6 a5 22. Rd1 Bf8 23. d7 h5 24. Qc4 Kg7 25. a4 Kg8 26. b3 Qe7 27. Na7 Rd8 28.
Nc8 Qe6 29. Qxe6 fxe6 30. Nxb6 Nd5 31. Nc4 Nb4 32. Nxa5 Be7 33. Bb5 Rb8 34. Nc4
e4 35. Re1 Nc2 36. Rxe4 Nd4 37. Ne5 Kg7 38. Rxd4 cxd4 39. Nc6 Rd8 40. Nxe7 d3
41. Kf1 Kf6 42. Nc8 e5 43. a5 1-0

[Event "Keres mem rap"]
[Site "Tallinn"]
[Date "2004.01.04"]
[Round "5"]
[White "Sveshnikov, Evgeny"]
[Black "Radjabov, Teimour"]
[Result "1/2-1/2"]
[WhiteElo "2557"]
[BlackElo "2656"]
[PlyCount "39"]
[EventDate "2004.01.03"]
[EventType "tourn (rapid)"]
[EventRounds "7"]
[EventCountry "EST"]
[EventCategory "15"]
[Source "ChessBase"]
[SourceDate "2004.06.01"]

1. e4 e6 2. d4 d5 3. e5 c5 4. c3 Nc6 5. Nf3 Qb6 6. a3 Nh6 7. b4 cxb4 8. cxb4
Nf5 9. Bb2 Bd7 10. g4 Nfe7 11. Nc3 Na5 12. Qc2 Nc4 13. Bxc4 dxc4 14. Nd2 Qc6
15. Nce4 c3 16. Nd6+ Kd8 17. Nxf7+ Ke8 18. Nd6+ Kd8 19. Nf7+ Ke8 20. Nd6+
1/2-1/2

[Event "Leon 17th"]
[Site "Leon"]
[Date "2004.06.05"]
[Round "1.1"]
[White "Shirov, Alexei"]
[Black "Radjabov, Teimour"]
[Result "1/2-1/2"]
[WhiteElo "2713"]
[BlackElo "2670"]
[PlyCount "74"]
[EventDate "2004.06.04"]
[EventType "k.o. (rapid)"]
[EventRounds "2"]
[EventCountry "ESP"]
[Source "ChessBase"]
[SourceDate "2004.09.23"]

1. e4 e6 2. d4 d5 3. Nc3 Nf6 4. Bg5 dxe4 5. Nxe4 Nbd7 6. Nf3 h6 7. Nxf6+ Nxf6
8. Bh4 c5 9. Bc4 cxd4 10. O-O Be7 11. Qe2 O-O 12. Rad1 Qb6 13. Nxd4 Qxb2 14.
Nf5 exf5 15. Qxe7 Be6 16. Bxe6 fxe6 17. Qxe6+ Kh8 18. Qxf5 Qxa2 19. Rd6 Ng8 20.
Qe4 Qf7 21. Bg3 Rad8 22. Rxd8 Rxd8 23. Be5 Rd7 24. h3 Ne7 25. Qe3 Qg6 26. Qxa7
Qxc2 27. Qa1 Nc6 28. Bf4 Kh7 29. Be3 Qe4 30. Qb1 Qxb1 31. Rxb1 Ne7 32. g4 Nd5
33. Kg2 Nxe3+ 34. fxe3 Rf7 35. h4 Kg8 36. g5 hxg5 37. hxg5 Rf5 1/2-1/2

[Event "Leon 17th"]
[Site "Leon"]
[Date "2004.06.05"]
[Round "1.2"]
[White "Radjabov, Teimour"]
[Black "Shirov, Alexei"]
[Result "1-0"]
[WhiteElo "2670"]
[BlackElo "2713"]
[PlyCount "83"]
[EventDate "2004.06.04"]
[EventType "k.o. (rapid)"]
[EventRounds "2"]
[EventCountry "ESP"]
[Source "ChessBase"]
[SourceDate "2004.09.23"]

1. d4 d5 2. c4 c6 3. Nc3 Nf6 4. e3 a6 5. Nf3 b5 6. b3 Bg4 7. Be2 e6 8. O-O Nbd7
9. h3 Bh5 10. Bb2 Bd6 11. Ne5 Bxe2 12. Nxe2 Qc7 13. cxd5 cxd5 14. Rc1 Qb8 15.
Nxd7 Kxd7 16. f3 Qb7 17. Nf4 Rhc8 18. Nd3 Ke8 19. Nc5 Qb8 20. Qd3 Kf8 21. e4
Kg8 22. e5 Bxc5 23. dxc5 Nd7 24. Qe3 Rc6 25. f4 Qf8 26. Bd4 Re8 27. b4 Nb8 28.
Qd2 Rc7 29. Rc3 Nc6 30. Rg3 a5 31. a3 axb4 32. axb4 Ra7 33. f5 exf5 34. Rxf5
Re6 35. Kh2 Qe8 36. Rf6 h5 37. Rf5 Rg6 38. Bf2 Qe6 39. Rxh5 d4 40. Qf4 Rxg3 41.
Bxg3 Ne7 42. Qh4 1-0